000 00774nam a2200217Ia 4500
003 GCL
008 140319s9999 xx 000 0 ara d
040 _aGCL /
_cGCL
082 0 4 _a658.564
_bج ا
245 1 0 _aايجبت باك :
_bدليل صناعة التعبئة والتغليف - مصر 2003 - 2004
260 _aالقاهرة :
_bالجمعية المصرية لتطوير التعبئة والتغليف ،
_c2003
300 _aمتعدد ؛
_c24 سم
650 0 4 _aالتغليف والحفظ
650 0 4 _aالتعبئة
650 0 4 _aالتعليب والحفظ
650 0 4 _aالعبوات
650 0 4 _aالعبوات البلاستيكية
650 0 4 _aالعبوات الورقية
650 0 4 _aالعبوات المعدنية
942 _2ddc
_cBK
999 _c5794
_d5794